| 000 | 00888nam a2200301Ia 4500 | ||
|---|---|---|---|
| 001 | Para_3456 | ||
| 003 | CHAP | ||
| 008 | 220125s1914 xx 000 0 und d | ||
| 010 | _a199623 | ||
| 040 | _cCHAP | ||
| 082 | _aPA-C 595.77 D5 | ||
| 100 |
_aSmulyan, M. T. _9107201 |
||
| 245 |
_aThe marguerite fly (Phybomyza chysanthemi Kowartz) / _c by M. T. Smulyan |
||
| 260 |
_aCambridge : _b Agricultural Experiment Station |
||
| 300 | _a32 p. | ||
| 440 |
_aDíptera; 10 _9164830 |
||
| 500 | _aEncuadernado con otros impresos similares | ||
| 650 |
_aDípteros _933715 |
||
| 650 |
_aPhytomyza chrysanthemi _987909 |
||
| 710 |
_aMassachusetts Agri. Exp. Sta. Bulletin; 157. _9164849 |
||
| 901 | _aPA-C 595.77 D5 | ||
| 902 | _aA | ||
| 905 | _a0000001914 CAM 0000000000 00 | ||
| 910 | _a1914 | ||
| 942 | _cPARA | ||
| 942 |
_cPARA _d1 |
||
| 999 |
_c199623 _d199623 |
||